00278nam a2200097Ia 4500100002900000654000900029245008700038260002900125082001400154546001200168 aSantacruz operation Inc  aunix aSCO unix system V development system:Code view debgger macro assembler users guide bSantacruz Operation Inc. a5.43bSCO aENGLISH